00713cam a22002057a 4500003000500000005001700005008004100022010001000063011001000073035001000083040000900093100004400102245009000146260004000236300001600276502008800292650004400380650003900424650004400463CHAP20220329135414.0971013s1984 r 00010 d a35887 a36859 a40978 cCHAP00aOceguera Rodríguez, José Guadalupe.13aLa industria azucarera en México y diagnóstico de campo del ingenio Plan de Ayala aChapingo, Méx. :bEl autor,c1984 a87 h. anexo aTesis (Ing. Agr. Esp. en Economía) -- UACH. Departamento de Economía Agrícola14aIndustria azucareraxSan Luis Potosí.14aIngenio Ejidal Plan de Ayala, SLP.14aIngenios azucarerosxSan Luis Potosí.